| 000 | 00990nmm a2200313 a 4500 | ||
|---|---|---|---|
| 003 | AR-BaBNM | ||
| 005 | 20251128210313.0 | ||
| 008 | 279119s1993 ||||||||||||||000 | spa|| | ||
| 020 | _a0-582-07616-1 | ||
| 040 | _cAR-BaBNM | ||
| 100 | 1 | _aHalliwell, Susan | |
| 245 | 1 | 0 |
_aLa enseñanza del inglés en la educación primaria _bmetodología práctica para la clase de primaria en el nuevo sistema educativo español |
| 250 | _a1ª ed. | ||
| 260 |
_aMadrid _bLongman _c1993 |
||
| 300 | 0 |
_a156 p. _bil., tablas, gráfs. |
|
| 650 | 4 | _aINGLES | |
| 650 | 4 | _aENSENANZA DE SEGUNDA LENGUA | |
| 650 | 4 | _aTECNICAS DIDACTICAS | |
| 650 | 4 | _aMETODOS DE ENSENANZA | |
| 650 | 4 | _aACTIVIDADES DE APRENDIZAJE | |
| 650 | 4 | _aENSENANZA DE IDIOMAS | |
| 653 | 0 | _aEDUCACION PRIMARIA | |
| 700 | 1 |
_aBarco Olmeda, Teresa _etraductor |
|
| 700 | 1 |
_aSedman, Anne _etraductor |
|
| 700 | 1 |
_aLobo, María José _ecolaborador |
|
| 700 | 1 |
_aEscobar, Cristina _ecolaborador |
|
| 942 | _cBK | ||
| 998 | _cRaquel | ||
| 999 |
_c14871 _d14871 |
||